| 000 | 00663nam a2200217 a 4500 | ||
|---|---|---|---|
| 999 |
_c3086 _d3086 |
||
| 001 | 3086 | ||
| 003 | BD-JhCC | ||
| 005 | 20171109194335.0 | ||
| 008 | 171109s1964 bg |||| |||| 000 0 ben d | ||
| 035 | _a(BD-JhCC) 3086 | ||
| 040 |
_aBD-JhCC _dBD-JhCC |
||
| 041 | _aben | ||
| 082 |
_a891.442 _bMIA 1964 |
||
| 100 | _aমিয়া, বন্দে আলী | ||
| 245 |
_aহাজী মুহম্মদ মহসীন / _c বন্দে আলী মিয়া |
||
| 260 |
_aঢাকা : _bআহমদ পাবলিশিং হাউস , _c1964 |
||
| 300 |
_a34 p .: _c17 cm . |
||
| 650 | _aBengali Drama | ||
| 942 |
_2ddc _cBK |
||